TH-Expression pattern of Myxovirus Resistance (Mx) Gene and Protein profiling in peripheral blood mononuclear cells upon interferon Alpha Stimulation (Record no. 17265)
[ view plain ]
| 000 -LEADER | |
|---|---|
| fixed length control field | 00405nam a22001097a 4500 |
| 008 - FIXED-LENGTH DATA ELEMENTS--GENERAL INFORMATION | |
| fixed length control field | 150616t xxu||||| |||| 00| 0 eng d |
| 100 ## - MAIN ENTRY--PERSONAL NAME | |
| Personal name | Ayesha Sajid-Sup-Dr. Aneela Javed |
| 9 (RLIN) | 996 |
| 245 ## - TITLE STATEMENT | |
| Title | TH-Expression pattern of Myxovirus Resistance (Mx) Gene and Protein profiling in peripheral blood mononuclear cells upon interferon Alpha Stimulation |
| 260 ## - PUBLICATION, DISTRIBUTION, ETC. | |
| Place of publication, distribution, etc. | ASAB, NUST ISLAMABAD |
| 300 ## - PHYSICAL DESCRIPTION | |
| Extent | 71 |
| 942 ## - ADDED ENTRY ELEMENTS (KOHA) | |
| Source of classification or shelving scheme | |
| Koha item type | Book |
| Withdrawn status | Lost status | Source of classification or shelving scheme | Damaged status | Not for loan | Permanent Location | Current Location | Date acquired | Total Checkouts | Full call number | Barcode | Date last seen | Price effective from | Koha item type |
|---|---|---|---|---|---|---|---|---|---|---|---|---|---|
| Atta-ur-Rahman School of Applied Biosciences (ASAB) | Atta-ur-Rahman School of Applied Biosciences (ASAB) | 06/16/2015 | Thesis 2014 AS | ASABBS-14-2014 | 06/16/2015 | 06/16/2015 | Book |
